000 00898nam a22002897a 4500
001 4501
003 FISKH
005 20240912110549.0
008 240912b cb ||||| |||| 00| 0 eng d
020 _a9781442408135
040 _aFISKH
_beng
_cFISKH
_dFISKH
050 _aPZ7.M4784457
082 _a428.6
100 _aMcDoagle, Farrah
_eauthor
245 _aOlivia and the snow day /
_cadapted by Farrah McDoagle : illustrated by Shane L. Johnson
260 _aNew York :
_bSimon Spotlight ;
_c2010 .
300 _a24 unnumbered pages :
_bcolor illustrations ;
_c24 cm .
490 _aOlivia (Early Reader)
505 _aJ
520 _aOlivia decides to interview others about the snow day.
521 8 _a470
_bLexile
521 8 _aJ
_braz-Plus
650 _awinter
_vfiction
700 _aJohnson, Shane L.
_eillustrator
942 _2ddc
_cBK
_n0
999 _c4501
_d4501